Normal view MARC view
  • Haskell, Bert

Entry Personal Name

Number of records used in: 1

001 - CONTROL NUMBER

  • control field: 103793

003 - CONTROL NUMBER IDENTIFIER

  • control field: NUST

005 - DATE AND TIME OF LATEST TRANSACTION

  • control field: 20221129160947.0

008 - FIXED-LENGTH DATA ELEMENTS

  • fixed length control field: 221129|| aca||aabn | a|a d

040 ## - CATALOGING SOURCE

  • Original cataloging agency: NUST
  • Transcribing agency: NUST

100 ## - HEADING--PERSONAL NAME

  • Personal name: Haskell, Bert

670 ## - SOURCE DATA FOUND

  • Source citation: Work cat.: (NUST)178590: Haskell, Bert., Portable electronics product design and development :, c2004.
© 2023 Central Library, National University of Sciences and Technology. All Rights Reserved.